000 00278nam a22001217a 4500
008 170413b xxu||||| |||| 00| 0 eng d
041 _aeng
080 _a612.39
100 _a10
101 _aSHM
245 _aPROTEIN AND AMINO ACID NUTRITION
_cALBANESE, A.A
942 _2udc
_cBK
999 _c10650
_d10650